К исследованию предельной чувствительности радиографического метода контроля; Первая межвузовская научно-техническая конференция по радиационным методам и средствам неразрушающего контроля качества материалов и изделий

Detalles Bibliográficos
Parent link:Первая межвузовская научно-техническая конференция по радиационным методам и средствам неразрушающего контроля качества материалов и изделий.— 1966.— С. 19-20
Autor principal: Ананьев Л. М.
Otros Autores: Кривчик В. Я.
Lenguaje:ruso
Publicado: 1966
Materias:
Formato: Capítulo de libro
KOHA link:https://koha.lib.tpu.ru/cgi-bin/koha/opac-detail.pl?biblionumber=592104

MARC

LEADER 00000naa0a2200000 4500
001 592104
005 20250828113556.0
035 |a (RuTPU)RU\TPU\tpu\3423 
035 |a TPU00003423 
090 |a 592104 
100 |a 20011210d1966 k||y0rusy50 ca 
101 0 |a rus 
102 |a RU 
200 1 |a К исследованию предельной чувствительности радиографического метода контроля  |f Л. М. Ананьев, В. Я. Кривчик 
463 1 |t Первая межвузовская научно-техническая конференция по радиационным методам и средствам неразрушающего контроля качества материалов и изделий  |v С. 19-20  |o тезисы докладов (25-29 октября 1966 г.)  |d 1966 
610 1 |a материаловедение 
610 1 |a труды учёных ТПУ 
610 1 |a дефектоскопия 
610 1 |a контроль изделий 
700 1 |a Ананьев  |b Л. М. 
701 1 |a Кривчик  |b В. Я. 
801 0 |a RU  |b 63413507  |c 20011210  |g PSBO 
801 2 |a RU  |b 63413507  |c 20070219  |g PSBO 
942 |c BK